The Good supervisor : (Record no. 3154)
[ view plain ]
| 000 -LEADER | |
|---|---|
| fixed length control field | 00820nam a22002292 4500 |
| 001 - CONTROL NUMBER | |
| control field | 0000007100 |
| 005 - DATE AND TIME OF LATEST TRANSACTION | |
| control field | 20151217145834.0 |
| 008 - FIXED-LENGTH DATA ELEMENTS--GENERAL INFORMATION | |
| fixed length control field | 071114s xx 000 0 eng d |
| 020 ## - INTERNATIONAL STANDARD BOOK NUMBER | |
| International Standard Book Number | 1403903952 : |
| Terms of availability | KES 2250 |
| 040 ## - CATALOGING SOURCE | |
| Original cataloging agency | KABU |
| Transcribing agency | KABU |
| 100 1# - MAIN ENTRY--PERSONAL NAME | |
| Personal name | Wisker, Gina. |
| -- | 0000158148 |
| 245 14 - TITLE STATEMENT | |
| Title | The Good supervisor : |
| Remainder of title | supervising postgraduate and undergraduate research for doctoral theses and dissertations / |
| Statement of responsibility, etc. | Gina Wisker. |
| 260 ## - PUBLICATION, DISTRIBUTION, ETC. (IMPRINT) | |
| Place of publication, distribution, etc. | Basingstoke, England : |
| Name of publisher, distributor, etc. | Palgrave Macmillan, |
| Date of publication, distribution, etc. | 2005. |
| 300 ## - PHYSICAL DESCRIPTION | |
| Extent | vii, 388 p. |
| 650 #0 - SUBJECT ADDED ENTRY--TOPICAL TERM | |
| Topical term or geographic name as entry element | Graduate students |
| General subdivision | Supervision. |
| -- | 0000158149 |
| 650 #0 - SUBJECT ADDED ENTRY--TOPICAL TERM | |
| Topical term or geographic name as entry element | Faculty advisors. |
| -- | 0000158150 |
| 650 #0 - SUBJECT ADDED ENTRY--TOPICAL TERM | |
| Topical term or geographic name as entry element | Dissertations, Academic. |
| -- | 0000151328 |
| 650 #0 - SUBJECT ADDED ENTRY--TOPICAL TERM | |
| Topical term or geographic name as entry element | Doctor of Philosophy degree. |
| -- | 0000158151 |
| 908 ## - PUT COMMAND PARAMETER (RLIN) | |
| Put command parameter | 071114 |
| 950 ## - LOCAL HOLDINGS (RLIN) | |
| -- | 1 |
| Withdrawn status | Lost status | Source of classification or shelving scheme | Not for loan | Home library | Current library | Date acquired | Total Checkouts | Full call number | Barcode | Date last seen | Price effective from | Koha item type |
|---|---|---|---|---|---|---|---|---|---|---|---|---|
| Library of Congress Classification | Kabarak, Main Campus | Kabarak, Main Campus | 17/12/2015 | LB2371 .W57 | 011057 | 17/12/2015 | 17/12/2015 | General Collection | ||||
| Library of Congress Classification | Kabarak, Main Campus | Kabarak, Main Campus | 17/12/2015 | LB2371 .W57 | 011056 | 17/12/2015 | 17/12/2015 | General Collection |